ABC of sexually transmitted diseases / (Record no. 912)

MARC details
000 -LEADER
fixed length control field 00967cam a22003137a 4500
001 - CONTROL NUMBER
control field 13800925
003 - CONTROL NUMBER IDENTIFIER
control field OSt
005 - DATE AND TIME OF LATEST TRANSACTION
control field 20150116134224.0
008 - FIXED-LENGTH DATA ELEMENTS--GENERAL INFORMATION
fixed length control field 021118s2003 enka 001 0 eng
010 ## - LIBRARY OF CONGRESS CONTROL NUMBER
LC control number 2004484953
015 ## - NATIONAL BIBLIOGRAPHY NUMBER
National bibliography number GBA2-T7025
020 ## - INTERNATIONAL STANDARD BOOK NUMBER
International Standard Book Number 0727917617
035 ## - SYSTEM CONTROL NUMBER
System control number (OCoLC)ocm51107908
040 ## - CATALOGING SOURCE
Original cataloging agency UKM
Transcribing agency UKM
Modifying agency OCLCQ
-- DLC
042 ## - AUTHENTICATION CODE
Authentication code lccopycat
050 00 - LIBRARY OF CONGRESS CALL NUMBER
Classification number RC200
Item number .A35 2003
082 00 - DEWEY DECIMAL CLASSIFICATION NUMBER
Classification number WC 100 A31a 2004
Edition number 22
100 1# - MAIN ENTRY--PERSONAL NAME
Personal name Adler, Michael W.
9 (RLIN) 2451
245 10 - TITLE STATEMENT
Title ABC of sexually transmitted diseases /
Statement of responsibility, etc. Michael W. Adler.
250 ## - EDITION STATEMENT
Edition statement 5th ed.
260 ## - PUBLICATION, DISTRIBUTION, ETC. (IMPRINT)
Place of publication, distribution, etc. London :
Name of publisher, distributor, etc. BMJ,
Date of publication, distribution, etc. 2003.
300 ## - PHYSICAL DESCRIPTION
Extent vii, 89 p. :
Other physical details ill. (chiefly col.) ;
Dimensions 30 cm.
500 ## - GENERAL NOTE
General note Previous ed.: 1999.
500 ## - GENERAL NOTE
General note Includes index.
650 #0 - SUBJECT ADDED ENTRY--TOPICAL TERM
Topical term or geographic name as entry element Sexually transmitted diseases.
9 (RLIN) 2452
906 ## - LOCAL DATA ELEMENT F, LDF (RLIN)
a 7
b cbc
c copycat
d 2
e ncip
f 20
g y-gencatlg
942 ## - ADDED ENTRY ELEMENTS (KOHA)
Source of classification or shelving scheme Other/Generic Classification Scheme
Koha item type Short Loan
Holdings
Withdrawn status Lost status Source of classification or shelving scheme Damaged status Not for loan Home library Current library Date acquired Source of acquisition Inventory number Total Checkouts Full call number Barcode Date last seen Price effective from Koha item type
    Other/Generic Classification Scheme     MUST Main Library MUST Main Library 16/01/2015   2006/27167   WC 100 A31a 2004 2015-0129 16/01/2015 16/01/2015 Short Loan